000 00442nam a22001817a 4500
003 MPLRDC
005 20220104123608.0
008 210129b ||||| |||| 00| 0 eng d
020 _a7-5348-0669-0
082 _a820.99 XWL
100 _a谢无量编
245 _a中国妇女文学史
_c
250 _a一版一刷
260 _a
_b中州古籍出版社
_c1992
300 _b
650 _a妇女文学史
942 _cBK
_o820.99 XWL
999 _c12659
_d12649